000
00282nam a2200121 4500
999
_c
9428
_d
9428
003
OSt
005
20210419162420.0
008
210419b ||||| |||| 00| 0 eng d
020
_a
9781782143635
082
_a
741.2
_b
STD
245
_a
The practical encyclopedia of drawing
942
_2
ddc